| 000 | 01598nac a22003611u 4500 | ||
|---|---|---|---|
| 003 | EG-ScBUE | ||
| 005 | 20211201120216.0 | ||
| 008 | 121016s2007 ua f b 000 0dara d | ||
| 017 | _a2007 / 21405 | ||
| 020 | _a9771805118 | ||
| 040 |
_aEG-ScBUE _bara _erda _cEG-ScBUE _dEG-ScBUE |
||
| 082 | 0 | 4 |
_a892.78609 _bأ و ر _222 |
| 245 | 0 | 0 |
_aاوراق طه حسين و مراسلاته. _nالمجلد الأول، _p1925-1940 / _cإشراف ودراسة وتقديم أ. د. أحمد زكريا الشلق، أ. د. محمد صابر عرب ؛ تحقيق د. صبري العدل، محمود فوده، نيفين علوان. |
| 246 | 3 | 0 | _a1925-1940 |
| 264 | 1 |
_aالقاهرة : _bدار الكتب والوثائق القومية، _c2007. |
|
| 300 |
_a397 صفحة ؛ _c32 سم |
||
| 336 |
_2rdacontent _aنص _btxt |
||
| 337 |
_2rdamedia _aبدون وسيط _bn |
||
| 338 |
_2rdacarrier _aمجلد _bnc |
||
| 504 | _aيشتمل على إرجاعات ببليوجرافية. | ||
| 600 | 1 | 7 |
_aحسين، طه، _d1889-1973 _vالمراسلات. _2BUEsh |
| 650 | 7 |
_aالمؤلفون المكفوفون _zمصر. _2BUEsh _98633 |
|
| 650 | 7 |
_aالأدباء المصريون _vتراجم. _2BUEsh |
|
| 651 | _2BUEsh | ||
| 653 |
_bARALIT _cDecember2021 |
||
| 655 |
_vReading book _934232 |
||
| 700 | 1 |
_aالشلق، أحمد زكريا، _d1948- _eمشرف. |
|
| 700 | 1 |
_aعرب، محمد صابر، _d1948- _eمشرف. |
|
| 700 | 1 |
_aالعدل، صبري، _eمحقق. |
|
| 700 | 1 |
_aفودة، محمود، _eمحقق. |
|
| 700 | 1 |
_aعلوان، نيفين، _eمحقق. |
|
| 942 |
_cBB _2ddc |
||
| 999 |
_c8302 _d8302 |
||